000 01339nmm a2200349 a 4500
001 ocm0002347603
003 TR-IsHL
005 20201028184956.0
008 190829s2019 tu tur
007 cr cn
020 _a9786052814406
035 _a2347603
_b(N$T)
050 0 4 _aHF5549.5.P35
_bP47 2019
090 0 4 _aHF5549.5.P35
_bP47 2019
245 1 0 _aPerformansa dayalı ücret sistemi ve sağlık kurumlarında uygulanması
_h[electronic resource] /
_cyayına hazırlayanlar Tahsin Akçakanat, İlker Hüseyin Çarıkçı
260 _aİstanbul :
_b Hiperlink Yayınları ,
_c2019
300 _a337 p.
500 _aKaynakça: sayfa 305-326
650 4 _aEkonomi ve Finans
650 4 _aEconomics and Finance
650 0 _aÜcretler ve iş verimliliği
650 0 _aWages and labor productivity
650 0 _aÜcret ödeme sistemleri
650 0 _aWages payment systems
650 0 _aPersonel yönetimi
_x Maaş ve ücret yönetimi
650 0 _aSağlık sektörü
_x Ücret ödeme sistemleri
650 0 _aHealth Services Administration
_x Wages payment systems
650 7 _aBUSINESS & ECONOMICS / Labor
_2bisacsh
700 1 _aAkçakanat, Tahsin
700 1 _aÇarıkçı, İlker Hüseyin
856 4 0 _uhttp://search.ebscohost.com/login.aspx?direct=true&scope=site&db=e011xww&AN=2347603
999 _c21250
_d21250